000 00201nam a2200109Ia 4500
100 _aSHERDEN/A.
942 _cBK
245 _aTHE FORTUNE SELLERS
260 _b#N/A
546 _aENGLISH
999 _c22517
_d22517